000
00326nam a22001337a 4500
008
180925b xxu||||| |||| 00| 0 eng d
020
_a
0070720517
041
_a
eng
080
_a
370
100
_a
57
101
_a
EDU
245
_a
Writing The 21 century Computers And Research Writing
_c
William.W
942
_2
udc
_c
BK
999
_c
48426
_d
48426